| 000 | 02030nam0a2200337 4500 | ||
|---|---|---|---|
| 001 | RU\NLR\BIBL_A\022274988 | ||
| 005 | 20260420011924.0 | ||
| 010 |
_a978-5-9275-4308-3 _930 |
||
| 021 |
_aRU _bКН-П-24-029555 _9КН-П-24-3004 |
||
| 035 | _a(NLR Aleph) 022274988 | ||
| 090 |
_a13660337 _c13660337 |
||
| 100 | _a20240709d2023 u y0rusy50 ca | ||
| 101 | 0 | _arus | |
| 102 | _aRU | ||
| 105 | _aa j 000yy | ||
| 181 | 0 |
_ai3 _baxxe |
|
| 182 | 0 | _an | |
| 200 | 1 |
_aМоделирование средовых пространств _eучебное пособие _eдля студентов магистратуры, обучающихся по направлениям подготовки: 07.04.03 "Дизайн архитектурной среды", 44.03.05 "Дизайн" _fМинистерство науки и высшего образования Российской Федерации, Федеральное государственное бюджетное образовательное учреждение высшего образования "Южный федеральный университет" |
|
| 203 |
_aТекст _bвизуальный _cнепосредственный |
||
| 210 |
_aРостов-на-Дону _aТаганрог _cИзд-во Южного Федерального университета _d2023 |
||
| 215 |
_a103, [1] с. _cил., табл. _d21 |
||
| 320 | _aБиблиогр.: с. 101-104 (52 назв.) | ||
| 606 | 1 |
_aГорода _jУчебные издания для высших учебных заведений _xБлагоустройство _92098046 _3RU\NLR\AUTH\661269236 |
|
| 606 | 1 |
_aГорода _jУчебные издания _xПланировка и строительство _9902503 _3RU\NLR\AUTH\668307 |
|
| 686 | 1 | _aН9я73-1 | |
| 686 | 1 | _aЩ118.2я7 | |
| 700 | 1 |
_aРевякин _bС. А. _gСтанислав Анатольевич |
|
| 942 | _cBOOK | ||
| 980 | _aNB | ||